Polscy piłkarze w Ligue 1 - nagła śmierć - Statystyki

Ogólne statystyki
  • Ten quiz został rozwiązany 959 razy
  • Średni wynik to 8 z 20
Answers on the Grid
Answers color-coded by a green-red scale on the quiz's grid according to % correct below.
Grzegorz Krychowiak
Jakub Błaszczykowski
Kamil Glik
Łukasz Piszczek
Ireneusz Jeleń
Maciej Żurawski
Kamil Grosicki
Piotr Zieliński
Maciej Rybus
Michał Pazdan
Marcin Bułka
Bartłomiej Drągowski
Radosław Majecki
Artur Boruc
Jacek Bąk
Radosław Kałużny
Piotr Świerczewski
Jerzy Brzęczek
Andrzej Szarmach
Grzegorz Lato
Przemysław Frankowski
Jacek Krzynówek
Tomasz Frankowski
Paweł Kryszałowicz
Roman Kosecki
Jan Urban
Tomasz Kłos
Tomasz Hajto
Paweł Janas
Władysław Żmuda
Jacek Ziober
Andrzej Rudy
Tomasz Wieszczycki
Ryszard Staniek
Ryszard Tarasiewicz
Jan Furtok
Dariusz Dudka
Mateusz Klich
Mariusz Stępiński
Dawid Kownacki
 
Statystyki odpowiedzi
Odpowiedź % Poprawnych
Marcin Bułka
76%
Grzegorz Krychowiak
75%
Kamil Glik
74%
Przemysław Frankowski
70%
Kamil Grosicki
65%
Ireneusz Jeleń
59%
Radosław Majecki
57%
Maciej Rybus
44%
Dariusz Dudka
41%
Jacek Bąk
34%
Piotr Świerczewski
34%
Mariusz Stępiński
33%
Tomasz Frankowski
28%
Andrzej Szarmach
24%
Tomasz Kłos
15%
Paweł Janas
14%
Roman Kosecki
13%
Ryszard Tarasiewicz
13%
Jacek Ziober
12%
Tomasz Wieszczycki
12%
Nie znaleziono quizów pasujących do podanych kryteriów
Rozkład punktacji
Procent ludzi z każdym wynikiem
Percentyl według liczby udzielonych odpowiedzi
Twoja historia wyników
Nie rozwiązałeś tego quizu